000 00475nam a2200169Ia 4500
005 20250421143210.0
008 231217s9999 xx 000 0 und d
020 _a9788123922843
082 _a001.6424 ANU;1 R
100 _aAnuradha, K. Vijayalata, Y.
245 0 _aFormal languages and automata theory
250 _a1st ed.
260 _c2013
_bCBS Publishers and Distributors
_aNew Delhi
300 _axi, 368
650 _aFormal,languages,automata
942 _cAA
999 _c195129
_d195129